000 00679nam a22001937a 4500
001 5038
003 FISKH
005 20241101132007.0
008 241101b cb ||||| |||| 00| 0 eng d
020 _a9780590411363
040 _aFISKH
_beng
_cFISKH
_dFISKH
100 _aPoe, Edgar Allan
245 _aEight tables of Terror /
_cby Edgar Allan Poe
260 _aNew York :
_bScholastic ;
_c1978.
300 _a196 pages :
_billustrations , map ;
_c18 cm .
520 _aA collection of horror stories includes depictions of a man haunted by the spirit of his dead wife, strange plots of revenge, and a traveler trapped on a ghost ship
942 _2ddc
_cBK
_n0
999 _c5038
_d5038